| 000 | 00635cam a2200229 4500 | ||
|---|---|---|---|
| 008 | 090401t1988 xxu||||| |||| 00| 0 eng d | ||
| 020 | _a0899303269 | ||
| 035 | _a(Sirsi) u11772 | ||
| 041 | _aeng | ||
| 050 | _a332.63240973 | ||
| 100 | _aRabinowitz, Alan | ||
| 245 | _aLand investment and the predevelopment process: a guide for finance and real estate professionals | ||
| 260 |
_aNew York _bQuorum Books _c1988 |
||
| 300 | _axxvi,214p. ; 24cm. | ||
| 350 | _a36.95 | ||
| 650 | _aDEVELOPMENT | ||
| 650 | _aLAND | ||
| 650 | _aPROPERTY INVESTMENT | ||
| 650 | _aUNITED STATES OF AMERICA | ||
| 942 | _n0 | ||
| 948 | _c04/03/1997 | ||
| 999 |
_c86911 _d86911 |
||